Cautela ante el proceso de la reforma de ley migratoria en Estados Unidos
Збережено в:
| Формат: | Текст |
|---|---|
| Мова: | Spanish |
| Предмети: | |
| Теги: |
Додати тег
Немає тегів, Будьте першим, хто поставить тег для цього запису!
|
MARC
| LEADER | 00000 a a2200000 04500 | ||
|---|---|---|---|
| 001 | 6745 | ||
| 003 | cru IIS | ||
| 005 | 20240206093948.0 | ||
| 008 | 220209b |||||||| |||| 00| 0 spa d | ||
| 040 | |c cru IIS | ||
| 245 | |a Cautela ante el proceso de la reforma de ley migratoria en Estados Unidos | ||
| 500 | |a Colección Centroamérica | ||
| 650 | |a PRENSA | ||
| 650 | |a DERECHO DE MIGRACION | ||
| 650 | |a REFORMA LEGAL | ||
| 650 | |a MIGRACION LABORAL | ||
| 650 | |a OPINION PUBLICA | ||
| 650 | |a SOCIEDAD CIVIL | ||
| 650 | |a ESTADOS UNIDOS | ||
| 650 | |a EL SALVADOR | ||
| 773 | |g volumen 26, número 1187; páginas 8-9 | ||
| 773 | 0 | |0 42115 |9 6544 |a Universidad Centroamericana José Simeón Cañas (UCA) |d San Salvador, El Salvador: Universidad Centroamericana José Simeón Cañas. Centro Universitario de Documentación e Información |o 00002 |t El Salvador Proceso: |x 02599864 | |
| 942 | |2 ddc |c PP | ||
| 999 | |c 20995 |d 20995 | ||
